|
|
|
|
| LEADER |
01160nam a2200289 a 4500 |
| 001 |
2578018 |
| 008 |
120708s19991996ctua b 001 0 eng |
| 010 |
|
|
|a 96007011
|
| 020 |
|
|
|a 8173712220
|
| 020 |
|
|
|a 1567200915
|
| 040 |
|
|
|a DLC
|c DLC
|d DLC
|d BD-DhAAL
|
| 050 |
0 |
0 |
|a HF5548.8
|b .M3 1996
|
| 082 |
0 |
0 |
|a 658.3
|2 20
|
| 100 |
1 |
|
|a Makin, Peter J.
|
| 245 |
1 |
0 |
|a Organizations and the psychological contract :
|b managing people at work /
|c Peter J. Makin, Cary L. Cooper, and Charles J. Cox.
|
| 260 |
|
|
|a Westport, Conn. :
|b Quorum Books ;
|a Hyderabad :
|b Universities Press,
|c 1999.
|
| 300 |
|
|
|a x, 406 p. :
|b ill. ;
|c 24 cm.
|
| 504 |
|
|
|a Includes bibliographical references (p. [385]-400) and index.
|
| 541 |
|
|
|e 00012439
|
| 650 |
|
0 |
|a Psychology, Industrial.
|
| 650 |
|
0 |
|a Industrial management.
|
| 650 |
|
0 |
|a Communication in personnel management.
|
| 700 |
1 |
|
|a Cooper, Cary L.
|
| 700 |
1 |
|
|a Cox, Charles.
|
| 852 |
1 |
|
|a Ayesha Abed Library
|c General shelf.
|
| 999 |
|
|
|c 12530
|d 12530
|
| 952 |
|
|
|0 0
|1 0
|2 ddc
|4 0
|6 658_300000000000000_MAK
|7 0
|9 20689
|a BRACUL
|b BRACUL
|c GEN
|d 2012-07-09
|l 0
|o 658.3 MAK
|p 3010012439
|r 2012-07-09
|t 1
|w 2012-07-09
|y BK
|x Price not available in Register
|